000 00729nam a2200265Ia 4500
003 OSt
005 20221006150759.0
006 a|||||r|||| 00| 0
007 ta
008 221006b |||||||| |||| 00| 0 jpn d
020 _c¥5000
024 _a19,771
037 _bGift, Japan Foundation
_cTextual
040 _aEASL
_cEASL
_bjpn
041 _2jpn
_ajpn
082 _aT.42.N80, M2
100 _aTOITA Tomoyoshi
_9657587
245 0 _aKyusei koto gakko kyoiku no tenkai
260 _aKyoto
_bMineruwa (Minerva) Shobo Japan
_c1982
300 _a284p.
_ccm.
490 _v JL
650 _aJL
942 _hT.42.N80, M2
_cTEXL
_2CC
999 _c1087857
_d1087857